| 000 | 00000nam##2200000za#4500 |
| 001 | 9.602256 |
| 003 | CaOODSP |
| 005 | 20220328113245 |
| 007 | cr ||||||||||| |
| 008 | 150406|1999||||xxc|||||o f|0| 0 fre|d |
| 040 | |aCaOODSP|bfre |
| 043 | |an-cn--- |
| 086 | 1 |aC21-28/6-1999F-PDF |
| 110 | 1 |aCanada. |bIndustrie Canada. |
| 245 | 10|aL'essentiel sur l'Accord de libre-échange Canada-États-Unis / |h[ressource électronique]|cpar Daniel Trefler. |
| 260 | |aOttawa - Ontario : |bIndustrie Canada |cDécembre 1999. |
| 300 | |a66p.|bgraphiques, tableaux |
| 490 | 1 |aPerspectives sur le libre-échange nord-américain|v6 |
| 500 | |a«Cette monographie de Daniel Trefler est le dernier des six documents publiés dans la collection Perspectives sur le libre-échange nord-américain. L'auteur y évalue l'impact des réductions tarifaires conclues dans le cadre de l'Accord de libre-échange Canada-États-Unis (ALE) sur les flux commerciaux, la productivité et l'emploi dans le secteur manufacturier canadien au cours de la période 1989-1996.»--Préface. |
| 500 | |aLe n° de catalogue (C21-28/6-1999) et l'ISBN (0-662-64438-7) de l'édition imprimée bilingue ont été incorrectement copiés dans l'édition électronique. |
| 504 | |aBibliographie. |
| 590 | |a11-24-Supp|b2011-10-24 |
| 691 | 07|aAccord de libre-échange|2gcpds |
| 691 | 07|aIndustrie de transformation|2gcpds |
| 691 | 07|aMain-d'oeuvre|2gcpds |
| 720 | 1 |aTrefler, Daniel |
| 775 | 08|tThe long and short of the Canada-U.S. Free Trade Agreement / |w(CaOODSP)9.571835 |
| 776 | 0#|tThe long and short of the Canada-U.S. Free Trade Agreement / |w(CaOODSP)9.532604 |
| 776 | 0#|tL'essentiel sur l'Accord de libre-échange Canada--Etats-Unis / |w(CaOODSP)9.532605 |
| 830 | #0|aPerspectives sur le libre-échange nord-américain ;|v6|w(CaOODSP)9.501529 |
| 856 | 40|ahttp://publications.gc.ca|qPDF|s962 Ko|uhttps://publications.gc.ca/collections/Collection/C21-28-6-1999F.pdf|y6 |